000 00292nam a22001337a 4500
008 170829b xxu||||| |||| 00| 0 eng d
020 _a9780073289731
041 _aeng
080 _22ND
_a070
100 _a39
101 _aMED
245 _aPUBLIC RELATIONS
_cLATTIMORE,D
942 _2udc
_cBK
999 _c25390
_d25390